书目信息 |
| 题名: |
昆虫
|
|
| 作者: | 卜玉坤 , 高瑛翻 译 | |
| 分册: | ||
| 出版信息: | 长春 吉林科学技术出版社 2000.01 |
|
| 页数: | 46页 | |
| 开本: | 16开 | |
| 丛书名: | ||
| 单 册: | ||
| 中图分类: | G424.28 | |
| 科图分类: | ||
| 主题词: | 教学理论 | |
| 电子资源: | ||
| ISBN: | 7-5384-2108-4 | |
| 000 | 00564nam0 2200205 45 | |
| 001 | 0008071032 | |
| 005 | 20000807105637.4 | |
| 010 | @a7-5384-2108-4@d15.00元 | |
| 100 | @a20000807d2000 km y0chiy0120 ea | |
| 101 | 0 | @achi |
| 105 | @a z 000yy | |
| 200 | 1 | @a昆虫@AKun Chong@f卜玉坤,高瑛翻译@FBo Yu Kun,Gao Ying Fan Yi |
| 210 | @a长春@c吉林科学技术出版社@d2000.01 | |
| 215 | @a46页@d16开 | |
| 606 | 0 | @a教学理论 |
| 690 | @aG424.28@v3 | |
| 701 | 0 | @a卜玉坤@4译 |
| 701 | 0 | @a高瑛翻@4译 |
| 801 | @aCN@bPftUser@c20000807 | |
| 905 | @dG424.28@eW.330@b91536-540@f5 | |
| 昆虫/卜玉坤,高瑛翻译.-长春:吉林科学技术出版社,2000.01 |
| 46页;16开 |
| ISBN 7-5384-2108-4:15.00元 |
| ● |
| 相关链接 |
|
|
|
正题名:昆虫
索取号:G424.28/W.330
 
预约/预借
| 序号 | 登录号 | 条形码 | 馆藏地/架位号 | 状态 | 备注 |
| 1 | 91536 | 200915368 | 社科库409/409社科库 2排4列1层/ [索取号:G424.28/W.330] | 在馆 | |
| 2 | 91537 | 200915377 | 社科库409/409社科库 2排4列1层/ [索取号:G424.28/W.330] | 在馆 | |
| 3 | 91538 | 200915386 | 社科库409/409社科库 2排4列1层/ [索取号:G424.28/W.330] | 在馆 | |
| 4 | 91539 | 200915395 | 社科二线422/422社科库 36排4列3层/ [索取号:G424.28/W.330] | 在馆 | |
| 5 | 91540 | 200915402 | 社科库409/ [索取号:G424.28/W.330] | 在馆 |